RAPDs as an aid to evaluate the genetic integrity of somatic embryogenesis-derived populations of Picea mariana(Mill.) B.S.P (Record no. 66324)

MARC details
000 -LEADER
fixed length control field 00531nam a2200169Ia 4500
100 ## - MAIN ENTRY--AUTHOR NAME
Personal name Isabel N
245 #0 - TITLE STATEMENT
Title RAPDs as an aid to evaluate the genetic integrity of somatic embryogenesis-derived populations of Picea mariana(Mill.) B.S.P
260 ## - PUBLICATION, DISTRIBUTION, ETC. (IMPRINT)
Name of publisher Theoretical and Applied Genetics
Year of publication 1993
300 ## - PHYSICAL DESCRIPTION
Number of Pages 81-87
650 ## - SUBJECT ADDED ENTRY--TOPICAL TERM
Topical Term Genetic marker
650 ## - SUBJECT ADDED ENTRY--TOPICAL TERM
Topical Term Genetic stability
650 ## - SUBJECT ADDED ENTRY--TOPICAL TERM
Topical Term Picea mariana
650 ## - SUBJECT ADDED ENTRY--TOPICAL TERM
Topical Term RAPD
650 ## - SUBJECT ADDED ENTRY--TOPICAL TERM
Topical Term Somatic embryogenesis
942 ## - ADDED ENTRY ELEMENTS (KOHA)
Koha item type Journals
Holdings
Withdrawn status Lost status Damaged status Not for loan Home library Current library Shelving location Date acquired Serial Enumeration / chronology Koha item type
      Journals RRII Library RRII Library Biotechnology 17/12/2021 Volume 86, Issue 1 Journals